[Event "DEM U14w 2025"]
[Site "Willingen GER"]
[Date "2025.06.11"]
[Round "6"]
[White "Czäczine, Paula"]
[Black "Wagner, Cosima Thien-An"]
[Result "1/2-1/2"]
[Termination "normal"]
[Board "2"]
[WhiteElo "1965"]
[BlackElo "1835"]
[WhiteClock "00:04:28"]
[BlackClock "00:02:28"]
[PlyCount "116"]
[WhiteFideId "16249305"]
[BlackFideId "34603484"]
[EventCountry "GER"]
[EventRounds "9"]
[EventType "swiss"]
[EventDate "2025.06.07"]

1. e4 {[%clk 01:30:53]} {[%emt 00:00:06]} c5 {[%clk 01:30:58]} {[%emt
00:00:03]} 2. Nf3 {[%clk 01:31:17]} {[%emt 00:00:07]} g6 {[%clk 01:31:24]}
{[%emt 00:00:03]} 3. d4 {[%clk 01:31:39]} {[%emt 00:00:07]} cxd4 {[%clk
01:31:51]} {[%emt 00:00:04]} 4. Nxd4 {[%clk 01:32:04]} {[%emt 00:00:05]} Nc6
{[%clk 01:32:18]} {[%emt 00:00:03]} 5. c4 {[%clk 01:32:24]} {[%emt 00:00:09]}
Nf6 {[%clk 01:32:42]} {[%emt 00:00:06]} 6. Nc3 {[%clk 01:32:34]} {[%emt
00:00:20]} d6 {[%clk 01:33:09]} {[%emt 00:00:03]} 7. Be2 {[%clk 01:31:05]}
{[%emt 00:01:59]} Nxd4 {[%clk 01:33:35]} {[%emt 00:00:04]} 8. Qxd4 {[%clk
01:31:28]} {[%emt 00:00:07]} Bg7 {[%clk 01:34:02]} {[%emt 00:00:03]} 9. O-O
{[%clk 01:27:26]} {[%emt 00:04:32]} O-O {[%clk 01:34:27]} {[%emt 00:00:05]} 10.
Qd1 {[%clk 01:26:39]} {[%emt 00:01:18]} Be6 {[%clk 01:34:19]} {[%emt 00:00:38]}
11. Rb1 {[%clk 01:16:09]} {[%emt 00:11:01]} a6 {[%clk 01:31:48]} {[%emt
00:03:00]} 12. b3 {[%clk 01:09:13]} {[%emt 00:07:26]} Qa5 {[%clk 01:20:25]}
{[%emt 00:11:53]} 13. Bd2 {[%clk 01:04:00]} {[%emt 00:05:42]} Qc5 {[%clk
01:18:46]} {[%emt 00:02:08]} 14. Be3 {[%clk 01:02:37]} {[%emt 00:01:54]} Qa5
{[%clk 01:15:34]} {[%emt 00:03:43]} 15. Qd2 {[%clk 00:59:37]} {[%emt 00:03:30]}
Rfc8 {[%clk 01:13:06]} {[%emt 00:02:58]} 16. f3 {[%clk 00:56:32]} {[%emt
00:03:35]} b5 {[%clk 01:11:35]} {[%emt 00:02:01]} 17. Nd5 {[%clk 00:49:29]}
{[%emt 00:07:34]} Qxd2 {[%clk 01:10:56]} {[%emt 00:01:10]} 18. Bxd2 {[%clk
00:49:28]} {[%emt 00:00:31]} Bxd5 {[%clk 01:09:51]} {[%emt 00:01:34]} 19. exd5
{[%clk 00:49:20]} {[%emt 00:00:38]} bxc4 {[%clk 01:07:26]} {[%emt 00:02:56]}
20. bxc4 {[%clk 00:49:14]} {[%emt 00:00:36]} Rab8 {[%clk 00:59:44]} {[%emt
00:08:11]} 21. Be3 {[%clk 00:40:53]} {[%emt 00:08:52]} Nd7 {[%clk 00:57:54]}
{[%emt 00:02:20]} 22. Kf2 {[%clk 00:37:04]} {[%emt 00:04:19]} Nc5 {[%clk
00:47:18]} {[%emt 00:11:06]} 23. Bg5 {[%clk 00:27:26]} {[%emt 00:10:07]} Kf8
{[%clk 00:45:23]} {[%emt 00:02:25]} 24. Rfd1 {[%clk 00:23:07]} {[%emt
00:04:48]} Na4 {[%clk 00:40:52]} {[%emt 00:05:01]} 25. Bd2 {[%clk 00:19:27]}
{[%emt 00:04:11]} Bd4+ {[%clk 00:31:09]} {[%emt 00:10:13]} 26. Kg3 {[%clk
00:19:10]} {[%emt 00:00:47]} Bc3 {[%clk 00:29:13]} {[%emt 00:02:25]} 27. Rb3
{[%clk 00:13:34]} {[%emt 00:06:07]} Bxd2 {[%clk 00:26:08]} {[%emt 00:03:35]}
28. Rxd2 {[%clk 00:13:55]} {[%emt 00:00:09]} Nc5 {[%clk 00:24:57]} {[%emt
00:01:41]} 29. Rbb2 {[%clk 00:12:58]} {[%emt 00:01:27]} Na4 {[%clk 00:23:54]}
{[%emt 00:01:33]} 30. Rb3 {[%clk 00:10:24]} {[%emt 00:03:04]} Nc5 {[%clk
00:24:05]} {[%emt 00:00:20]} 31. Rbb2 {[%clk 00:09:48]} {[%emt 00:01:06]} Na4
{[%clk 00:12:13]} {[%emt 00:12:21]} 32. Rxb8 {[%clk 00:05:28]} {[%emt
00:04:50]} Rxb8 {[%clk 00:12:39]} {[%emt 00:00:04]} 33. Bd1 {[%clk 00:05:34]}
{[%emt 00:00:25]} Rb4 {[%clk 00:09:55]} {[%emt 00:03:14]} 34. Bxa4 {[%clk
00:04:02]} {[%emt 00:02:02]} Rxa4 {[%clk 00:10:21]} {[%emt 00:00:04]} 35. Rc2
{[%clk 00:04:23]} {[%emt 00:00:09]} Ke8 {[%clk 00:10:03]} {[%emt 00:00:48]} 36.
Kf4 {[%clk 00:04:26]} {[%emt 00:00:26]} Kd7 {[%clk 00:10:06]} {[%emt 00:00:27]}
37. Kg5 {[%clk 00:03:56]} {[%emt 00:01:00]} h5 {[%clk 00:05:05]} {[%emt
00:05:31]} 38. Kh6 {[%clk 00:03:14]} {[%emt 00:01:12]} a5 {[%clk 00:02:50]}
{[%emt 00:02:45]} 39. Kg7 {[%clk 00:03:09]} {[%emt 00:00:35]} Ke8 {[%clk
00:03:04]} {[%emt 00:00:16]} 40. h4 {[%clk 00:01:54]} {[%emt 00:01:45]} Rb4
{[%clk 00:02:49]} {[%emt 00:00:44]} 41. g4 {[%clk 00:29:17]} {[%emt 00:03:07]}
Ra4 {[%clk 00:24:47]} {[%emt 00:08:32]} 42. gxh5 {[%clk 00:25:05]} {[%emt
00:04:42]} gxh5 {[%clk 00:25:12]} {[%emt 00:00:05]} 43. Kh6 {[%clk 00:23:21]}
{[%emt 00:02:13]} Ra3 {[%clk 00:25:31]} {[%emt 00:00:11]} 44. Kxh5 {[%clk
00:21:49]} {[%emt 00:02:02]} Rxf3 {[%clk 00:25:48]} {[%emt 00:00:13]} 45. Kh6
{[%clk 00:13:40]} {[%emt 00:08:39]} Rg3 {[%clk 00:20:07]} {[%emt 00:06:11]} 46.
h5 {[%clk 00:13:16]} {[%emt 00:00:54]} e5 {[%clk 00:15:02]} {[%emt 00:05:35]}
47. dxe6 {[%clk 00:08:27]} {[%emt 00:05:19]} fxe6 {[%clk 00:15:21]} {[%emt
00:00:12]} 48. Kh7 {[%clk 00:08:09]} {[%emt 00:00:47]} e5 {[%clk 00:13:08]}
{[%emt 00:02:43]} 49. c5 {[%clk 00:06:24]} {[%emt 00:02:15]} e4 {[%clk
00:09:35]} {[%emt 00:04:03]} 50. cxd6 {[%clk 00:05:43]} {[%emt 00:01:12]} Kd7
{[%clk 00:07:09]} {[%emt 00:02:56]} 51. Rc5 {[%clk 00:03:17]} {[%emt 00:02:55]}
Kxd6 {[%clk 00:05:42]} {[%emt 00:01:57]} 52. Rxa5 {[%clk 00:03:40]} {[%emt
00:00:07]} e3 {[%clk 00:05:19]} {[%emt 00:00:53]} 53. Ra8 {[%clk 00:03:59]}
{[%emt 00:00:11]} Kd7 {[%clk 00:05:36]} {[%emt 00:00:13]} 54. Ra4 {[%clk
00:04:09]} {[%emt 00:00:21]} Ke6 {[%clk 00:04:39]} {[%emt 00:01:27]} 55. Ra8
{[%clk 00:04:09]} {[%emt 00:00:30]} Kf7 {[%clk 00:04:29]} {[%emt 00:00:39]} 56.
Ra4 {[%clk 00:04:17]} {[%emt 00:00:22]} Rg5 {[%clk 00:03:21]} {[%emt 00:01:38]}
57. Ra7+ {[%clk 00:04:30]} {[%emt 00:00:17]} Kf6 {[%clk 00:02:20]} {[%emt
00:01:31]} 58. Ra6+ {[%clk 00:04:28]} {[%emt 00:00:33]} Kf7 {[%clk 00:02:28]}
{[%emt 00:00:21]} 1/2-1/2

[Event "DEM U14w 2025"]
[Site "Willingen GER"]
[Date "2025.06.11"]
[Round "6"]
[White "Mehner, Clara"]
[Black "Rafikova, Ailin"]
[Result "1/2-1/2"]
[Termination "normal"]
[Board "3"]
[WhiteElo "1643"]
[BlackElo "1773"]
[WhiteClock "00:06:11"]
[BlackClock "00:02:57"]
[PlyCount "94"]
[WhiteFideId "34612165"]
[BlackFideId "34612173"]
[EventCountry "GER"]
[EventRounds "9"]
[EventType "swiss"]
[EventDate "2025.06.07"]

1. e4 {[%clk 01:30:58]} {[%emt 00:00:02]} c6 {[%clk 01:30:56]} {[%emt
00:00:04]} 2. d4 {[%clk 01:31:21]} {[%emt 00:00:06]} d5 {[%clk 01:31:22]}
{[%emt 00:00:04]} 3. Nc3 {[%clk 01:31:43]} {[%emt 00:00:09]} dxe4 {[%clk
01:31:35]} {[%emt 00:00:16]} 4. Nxe4 {[%clk 01:32:02]} {[%emt 00:00:12]} Nf6
{[%clk 01:31:53]} {[%emt 00:00:12]} 5. Nxf6+ {[%clk 01:31:55]} {[%emt
00:00:37]} exf6 {[%clk 01:32:17]} {[%emt 00:00:06]} 6. c3 {[%clk 01:31:48]}
{[%emt 00:00:37]} Bd6 {[%clk 01:31:51]} {[%emt 00:00:56]} 7. Bd3 {[%clk
01:31:12]} {[%emt 00:01:06]} Nd7 {[%clk 01:30:39]} {[%emt 00:01:43]} 8. Qc2
{[%clk 01:28:33]} {[%emt 00:03:08]} Nb6 {[%clk 01:24:41]} {[%emt 00:06:28]} 9.
Ne2 {[%clk 01:15:54]} {[%emt 00:13:09]} h6 {[%clk 01:21:32]} {[%emt 00:03:40]}
10. Bd2 {[%clk 01:14:13]} {[%emt 00:02:11]} Nd5 {[%clk 01:17:50]} {[%emt
00:04:12]} 11. O-O {[%clk 01:10:10]} {[%emt 00:04:33]} O-O {[%clk 01:16:55]}
{[%emt 00:01:25]} 12. Rae1 {[%clk 01:08:17]} {[%emt 00:02:23]} Be6 {[%clk
01:13:06]} {[%emt 00:04:19]} 13. f4 {[%clk 01:03:09]} {[%emt 00:05:37]} Re8
{[%clk 01:08:25]} {[%emt 00:05:11]} 14. a3 {[%clk 00:58:56]} {[%emt 00:04:45]}
Bg4 {[%clk 01:01:20]} {[%emt 00:07:34]} 15. c4 {[%clk 00:50:05]} {[%emt
00:09:21]} Ne3 {[%clk 00:56:17]} {[%emt 00:05:33]} 16. Bxe3 {[%clk 00:45:46]}
{[%emt 00:04:49]} Rxe3 {[%clk 00:56:21]} {[%emt 00:00:25]} 17. h3 {[%clk
00:41:34]} {[%emt 00:04:42]} Bxe2 {[%clk 00:55:18]} {[%emt 00:01:33]} 18. Rxe2
{[%clk 00:41:45]} {[%emt 00:00:20]} Qe7 {[%clk 00:51:10]} {[%emt 00:04:38]} 19.
Be4 {[%clk 00:29:19]} {[%emt 00:12:55]} Rxe2 {[%clk 00:49:58]} {[%emt
00:01:42]} 20. Qxe2 {[%clk 00:29:34]} {[%emt 00:00:14]} Re8 {[%clk 00:45:42]}
{[%emt 00:04:45]} 21. Re1 {[%clk 00:28:04]} {[%emt 00:02:01]} f5 {[%clk
00:41:30]} {[%emt 00:04:42]} 22. Bd3 {[%clk 00:25:11]} {[%emt 00:03:21]} Qxe2
{[%clk 00:39:30]} {[%emt 00:02:31]} 23. Rxe2 {[%clk 00:25:33]} {[%emt
00:00:08]} Rxe2 {[%clk 00:39:44]} {[%emt 00:00:17]} 24. Bxe2 {[%clk 00:25:56]}
{[%emt 00:00:07]} Bxf4 {[%clk 00:39:19]} {[%emt 00:00:54]} 25. Kf2 {[%clk
00:21:28]} {[%emt 00:04:58]} Bc1 {[%clk 00:37:38]} {[%emt 00:02:11]} 26. b3
{[%clk 00:19:49]} {[%emt 00:02:10]} Bxa3 {[%clk 00:35:47]} {[%emt 00:02:20]}
27. Kf3 {[%clk 00:18:00]} {[%emt 00:02:18]} Bd6 {[%clk 00:34:09]} {[%emt
00:02:09]} 28. Ke3 {[%clk 00:14:40]} {[%emt 00:03:50]} Kf8 {[%clk 00:32:37]}
{[%emt 00:02:03]} 29. Bf3 {[%clk 00:13:44]} {[%emt 00:01:25]} Ke7 {[%clk
00:31:03]} {[%emt 00:02:03]} 30. Be2 {[%clk 00:08:15]} {[%emt 00:06:00]} Kf6
{[%clk 00:24:08]} {[%emt 00:07:25]} 31. Bf3 {[%clk 00:07:30]} {[%emt 00:01:16]}
g5 {[%clk 00:22:15]} {[%emt 00:02:22]} 32. Bh5 {[%clk 00:07:02]} {[%emt
00:00:58]} a6 {[%clk 00:18:59]} {[%emt 00:03:47]} 33. c5 {[%clk 00:04:49]}
{[%emt 00:02:43]} Bc7 {[%clk 00:17:01]} {[%emt 00:02:27]} 34. b4 {[%clk
00:04:12]} {[%emt 00:01:08]} Ke6 {[%clk 00:14:59]} {[%emt 00:02:31]} 35. Bf3
{[%clk 00:03:23]} {[%emt 00:01:19]} Bd8 {[%clk 00:10:14]} {[%emt 00:05:15]} 36.
Kd3 {[%clk 00:02:51]} {[%emt 00:01:02]} Bf6 {[%clk 00:07:12]} {[%emt 00:03:32]}
37. Ke3 {[%clk 00:01:59]} {[%emt 00:01:22]} Bd8 {[%clk 00:02:43]} {[%emt
00:04:59]} 38. Kd3 {[%clk 00:02:09]} {[%emt 00:00:21]} Kf6 {[%clk 00:01:44]}
{[%emt 00:01:29]} 39. Bh5 {[%clk 00:02:15]} {[%emt 00:00:24]} Ke6 {[%clk
00:01:24]} {[%emt 00:00:49]} 40. Bf3 {[%clk 00:02:06]} {[%emt 00:00:40]} Bf6
{[%clk 00:00:46]} {[%emt 00:01:07]} 41. Kc3 {[%clk 00:20:44]} {[%emt 00:11:52]}
Bg7 {[%clk 00:21:17]} {[%emt 00:09:59]} 42. Kd3 {[%clk 00:19:17]} {[%emt
00:01:57]} f4 {[%clk 00:20:29]} {[%emt 00:01:18]} 43. Ke4 {[%clk 00:12:49]}
{[%emt 00:06:58]} f5+ {[%clk 00:20:42]} {[%emt 00:00:17]} 44. Kd3 {[%clk
00:13:12]} {[%emt 00:00:08]} Bf6 {[%clk 00:17:16]} {[%emt 00:03:56]} 45. Bh5
{[%clk 00:11:54]} {[%emt 00:01:47]} Bd8 {[%clk 00:15:36]} {[%emt 00:02:10]} 46.
Bf3 {[%clk 00:10:36]} {[%emt 00:01:48]} Kd7 {[%clk 00:13:36]} {[%emt 00:02:28]}
47. Kc4 {[%clk 00:06:11]} {[%emt 00:04:57]} Ke6 {[%clk 00:02:57]} {[%emt
00:11:09]} 1/2-1/2

[Event "DEM U14w 2025"]
[Site "Willingen GER"]
[Date "2025.06.11"]
[Round "6"]
[White "Eitel, Liz"]
[Black "Komar, Valerie"]
[Result "1-0"]
[Termination "normal"]
[Board "4"]
[WhiteElo "1736"]
[BlackElo "1765"]
[WhiteClock "00:46:49"]
[BlackClock "00:05:28"]
[PlyCount "65"]
[WhiteFideId "34622195"]
[BlackFideId "34139664"]
[EventCountry "GER"]
[EventRounds "9"]
[EventType "swiss"]
[EventDate "2025.06.07"]

1. e4 {[%clk 01:30:58]} {[%emt 00:00:02]} e5 {[%clk 01:30:57]} {[%emt
00:00:04]} 2. Nc3 {[%clk 01:31:23]} {[%emt 00:00:04]} Nf6 {[%clk 01:31:18]}
{[%emt 00:00:09]} 3. f4 {[%clk 01:31:47]} {[%emt 00:00:06]} d6 {[%clk
01:31:20]} {[%emt 00:00:28]} 4. Nf3 {[%clk 01:31:59]} {[%emt 00:00:18]} Nbd7
{[%clk 01:23:04]} {[%emt 00:08:46]} 5. Bc4 {[%clk 01:30:42]} {[%emt 00:01:46]}
h6 {[%clk 01:14:55]} {[%emt 00:08:39]} 6. d3 {[%clk 01:30:20]} {[%emt
00:00:53]} Be7 {[%clk 01:12:43]} {[%emt 00:02:41]} 7. O-O {[%clk 01:29:13]}
{[%emt 00:01:37]} Nb6 {[%clk 01:07:35]} {[%emt 00:05:38]} 8. Bb3 {[%clk
01:28:56]} {[%emt 00:00:47]} Bg4 {[%clk 01:06:52]} {[%emt 00:01:13]} 9. h3
{[%clk 01:27:03]} {[%emt 00:02:23]} Bh5 {[%clk 01:06:17]} {[%emt 00:01:05]} 10.
Qe1 {[%clk 01:24:25]} {[%emt 00:03:08]} Qd7 {[%clk 01:04:25]} {[%emt 00:02:21]}
11. fxe5 {[%clk 01:23:38]} {[%emt 00:01:18]} dxe5 {[%clk 01:04:08]} {[%emt
00:00:47]} 12. Be3 {[%clk 01:22:48]} {[%emt 00:01:19]} Bxf3 {[%clk 01:02:33]}
{[%emt 00:02:06]} 13. Rxf3 {[%clk 01:23:03]} {[%emt 00:00:15]} g5 {[%clk
00:56:59]} {[%emt 00:06:03]} 14. Qf2 {[%clk 01:22:36]} {[%emt 00:00:57]} Qd6
{[%clk 00:51:22]} {[%emt 00:06:07]} 15. Bxb6 {[%clk 01:19:27]} {[%emt
00:03:40]} axb6 {[%clk 00:50:15]} {[%emt 00:01:37]} 16. Rf1 {[%clk 01:18:31]}
{[%emt 00:01:25]} Qd8 {[%clk 00:42:58]} {[%emt 00:07:42]} 17. Kh1 {[%clk
01:16:00]} {[%emt 00:03:07]} Bc5 {[%clk 00:38:31]} {[%emt 00:04:56]} 18. Qg3
{[%clk 01:15:22]} {[%emt 00:01:06]} Be7 {[%clk 00:36:16]} {[%emt 00:02:47]} 19.
Qxe5 {[%clk 01:15:23]} {[%emt 00:00:29]} Ra5 {[%clk 00:36:11]} {[%emt
00:00:35]} 20. Qg3 {[%clk 01:11:04]} {[%emt 00:04:43]} O-O {[%clk 00:32:55]}
{[%emt 00:03:52]} 21. e5 {[%clk 01:06:44]} {[%emt 00:04:50]} Nh5 {[%clk
00:25:42]} {[%emt 00:07:42]} 22. Qg4 {[%clk 01:06:37]} {[%emt 00:00:37]} Ng7
{[%clk 00:25:29]} {[%emt 00:00:44]} 23. Bxf7+ {[%clk 01:05:33]} {[%emt
00:01:34]} Kh8 {[%clk 00:25:50]} {[%emt 00:00:09]} 24. e6 {[%clk 01:03:53]}
{[%emt 00:02:11]} Re5 {[%clk 00:22:49]} {[%emt 00:03:31]} 25. d4 {[%clk
00:58:39]} {[%emt 00:05:44]} Ra5 {[%clk 00:21:04]} {[%emt 00:02:15]} 26. Qe4
{[%clk 00:58:24]} {[%emt 00:00:42]} g4 {[%clk 00:16:47]} {[%emt 00:04:49]} 27.
Rg3 {[%clk 00:52:02]} {[%emt 00:06:52]} gxh3 {[%clk 00:11:41]} {[%emt
00:05:37]} 28. Rxh3 {[%clk 00:52:18]} {[%emt 00:00:14]} Rh5 {[%clk 00:09:40]}
{[%emt 00:02:30]} 29. Rxh5 {[%clk 00:52:24]} {[%emt 00:00:25]} Nxh5 {[%clk
00:09:51]} {[%emt 00:00:19]} 30. Qg6 {[%clk 00:52:12]} {[%emt 00:00:42]} Ng3+
{[%clk 00:07:18]} {[%emt 00:03:03]} 31. Qxg3 {[%clk 00:51:31]} {[%emt
00:01:11]} Qxd4 {[%clk 00:06:47]} {[%emt 00:01:02]} 32. Qh3 {[%clk 00:50:33]}
{[%emt 00:01:28]} Qd2 {[%clk 00:05:28]} {[%emt 00:01:50]} 33. Nd5 {[%clk
00:46:49]} {[%emt 00:04:13]} 1-0

[Event "DEM U14w 2025"]
[Site "Willingen GER"]
[Date "2025.06.11"]
[Round "6"]
[White "Burchardi, Helena"]
[Black "Huang, Jasmin Shuya"]
[Result "1-0"]
[Termination "normal"]
[Board "5"]
[WhiteElo "1800"]
[BlackElo "1795"]
[WhiteClock "00:27:04"]
[BlackClock "00:14:09"]
[PlyCount "117"]
[WhiteFideId "34636374"]
[BlackFideId "533015694"]
[EventCountry "GER"]
[EventRounds "9"]
[EventType "swiss"]
[EventDate "2025.06.07"]

1. e4 {[%clk 01:30:58]} {[%emt 00:00:01]} c5 {[%clk 01:30:56]} {[%emt
00:00:04]} 2. Nf3 {[%clk 01:31:17]} {[%emt 00:00:11]} e6 {[%clk 01:31:22]}
{[%emt 00:00:04]} 3. d4 {[%clk 01:31:39]} {[%emt 00:00:08]} cxd4 {[%clk
01:31:49]} {[%emt 00:00:03]} 4. Nxd4 {[%clk 01:32:04]} {[%emt 00:00:05]} Nc6
{[%clk 01:32:17]} {[%emt 00:00:02]} 5. Nc3 {[%clk 01:32:23]} {[%emt 00:00:11]}
Qc7 {[%clk 01:32:42]} {[%emt 00:00:05]} 6. g3 {[%clk 01:32:35]} {[%emt
00:00:19]} a6 {[%clk 01:31:54]} {[%emt 00:01:17]} 7. Bg2 {[%clk 01:32:54]}
{[%emt 00:00:11]} Nf6 {[%clk 01:32:12]} {[%emt 00:00:12]} 8. O-O {[%clk
01:32:50]} {[%emt 00:00:35]} Nxd4 {[%clk 01:32:06]} {[%emt 00:00:36]} 9. Qxd4
{[%clk 01:32:41]} {[%emt 00:00:39]} Bc5 {[%clk 01:32:28]} {[%emt 00:00:08]} 10.
Bf4 {[%clk 01:32:27]} {[%emt 00:00:43]} d6 {[%clk 01:32:01]} {[%emt 00:00:57]}
11. Qd3 {[%clk 01:32:34]} {[%emt 00:00:21]} h6 {[%clk 01:28:04]} {[%emt
00:04:29]} 12. Rad1 {[%clk 01:31:19]} {[%emt 00:01:46]} e5 {[%clk 01:27:57]}
{[%emt 00:00:35]} 13. Be3 {[%clk 01:31:22]} {[%emt 00:00:26]} O-O {[%clk
01:19:50]} {[%emt 00:08:39]} 14. Bxc5 {[%clk 01:25:32]} {[%emt 00:06:20]} dxc5
{[%clk 01:20:02]} {[%emt 00:00:18]} 15. Nd5 {[%clk 01:25:12]} {[%emt 00:00:51]}
Qd8 {[%clk 01:08:50]} {[%emt 00:11:40]} 16. Qc3 {[%clk 01:20:19]} {[%emt
00:05:24]} Nd7 {[%clk 01:06:27]} {[%emt 00:02:53]} 17. Bh3 {[%clk 01:11:18]}
{[%emt 00:09:30]} Re8 {[%clk 00:59:30]} {[%emt 00:07:28]} 18. Bxd7 {[%clk
01:08:07]} {[%emt 00:03:41]} Bxd7 {[%clk 00:59:50]} {[%emt 00:00:11]} 19. Qxc5
{[%clk 01:04:06]} {[%emt 00:04:31]} Rc8 {[%clk 00:56:30]} {[%emt 00:03:49]} 20.
Qb4 {[%clk 01:01:58]} {[%emt 00:02:25]} b5 {[%clk 00:53:20]} {[%emt 00:03:53]}
21. Ne3 {[%clk 00:58:37]} {[%emt 00:03:51]} Qc7 {[%clk 00:48:50]} {[%emt
00:05:00]} 22. Qd6 {[%clk 00:52:22]} {[%emt 00:06:44]} Bc6 {[%clk 00:41:36]}
{[%emt 00:07:44]} 23. Qxc7 {[%clk 00:52:01]} {[%emt 00:00:51]} Rxc7 {[%clk
00:42:03]} {[%emt 00:00:04]} 24. f3 {[%clk 00:52:03]} {[%emt 00:00:28]} Rcc8
{[%clk 00:38:50]} {[%emt 00:03:42]} 25. c3 {[%clk 00:48:06]} {[%emt 00:04:27]}
Red8 {[%clk 00:37:25]} {[%emt 00:01:55]} 26. Nf5 {[%clk 00:45:43]} {[%emt
00:02:54]} Kf8 {[%clk 00:36:31]} {[%emt 00:01:23]} 27. Kf2 {[%clk 00:43:59]}
{[%emt 00:02:15]} h5 {[%clk 00:27:39]} {[%emt 00:09:22]} 28. Ne3 {[%clk
00:38:10]} {[%emt 00:06:20]} Bb7 {[%clk 00:18:25]} {[%emt 00:09:42]} 29. Rxd8+
{[%clk 00:36:22]} {[%emt 00:02:19]} Rxd8 {[%clk 00:18:46]} {[%emt 00:00:09]}
30. Rd1 {[%clk 00:36:22]} {[%emt 00:00:30]} Rxd1 {[%clk 00:18:41]} {[%emt
00:00:35]} 31. Nxd1 {[%clk 00:36:50]} {[%emt 00:00:02]} Ke7 {[%clk 00:18:54]}
{[%emt 00:00:17]} 32. Ke3 {[%clk 00:36:37]} {[%emt 00:00:43]} Kd6 {[%clk
00:18:27]} {[%emt 00:00:57]} 33. f4 {[%clk 00:36:30]} {[%emt 00:00:37]} g6
{[%clk 00:15:12]} {[%emt 00:03:45]} 34. Nf2 {[%clk 00:35:29]} {[%emt 00:01:30]}
exf4+ {[%clk 00:14:13]} {[%emt 00:01:29]} 35. gxf4 {[%clk 00:35:16]} {[%emt
00:00:43]} a5 {[%clk 00:10:25]} {[%emt 00:04:19]} 36. Kd4 {[%clk 00:33:42]}
{[%emt 00:02:00]} a4 {[%clk 00:07:23]} {[%emt 00:03:35]} 37. b3 {[%clk
00:31:25]} {[%emt 00:02:47]} axb3 {[%clk 00:07:03]} {[%emt 00:00:50]} 38. axb3
{[%clk 00:31:48]} {[%emt 00:00:08]} Bc6 {[%clk 00:05:24]} {[%emt 00:02:08]} 39.
Nd3 {[%clk 00:30:20]} {[%emt 00:01:58]} Bd7 {[%clk 00:02:25]} {[%emt 00:03:29]}
40. c4 {[%clk 00:28:45]} {[%emt 00:02:05]} bxc4 {[%clk 00:02:40]} {[%emt
00:00:16]} 41. bxc4 {[%clk 00:29:02]} {[%emt 00:00:12]} Be6 {[%clk 00:01:01]}
{[%emt 00:02:09]} 42. h4 {[%clk 00:20:47]} {[%emt 00:08:46]} Bg4 {[%clk
00:24:59]} {[%emt 00:06:31]} 43. c5+ {[%clk 00:43:51]} {[%emt 00:07:27]} Kc7
{[%clk 00:22:18]} {[%emt 00:03:10]} 44. Ke5 {[%clk 00:37:21]} {[%emt 00:07:00]}
Be6 {[%clk 00:17:20]} {[%emt 00:05:28]} 45. Kf6 {[%clk 00:36:14]} {[%emt
00:01:36]} Kc6 {[%clk 00:14:13]} {[%emt 00:03:38]} 46. Ne5+ {[%clk 00:33:57]}
{[%emt 00:02:47]} Kxc5 {[%clk 00:14:24]} {[%emt 00:00:19]} 47. Nxf7 {[%clk
00:33:27]} {[%emt 00:01:01]} Bg4 {[%clk 00:14:02]} {[%emt 00:00:52]} 48. Kxg6
{[%clk 00:30:51]} {[%emt 00:03:06]} Kc6 {[%clk 00:14:11]} {[%emt 00:00:19]} 49.
f5 {[%clk 00:29:46]} {[%emt 00:01:36]} Kd7 {[%clk 00:13:04]} {[%emt 00:01:36]}
50. e5 {[%clk 00:28:16]} {[%emt 00:02:01]} Ke7 {[%clk 00:12:48]} {[%emt
00:00:46]} 51. f6+ {[%clk 00:27:50]} {[%emt 00:00:57]} Ke6 {[%clk 00:12:58]}
{[%emt 00:00:19]} 52. Ng5+ {[%clk 00:27:51]} {[%emt 00:00:27]} Kxe5 {[%clk
00:13:14]} {[%emt 00:00:16]} 53. f7 {[%clk 00:28:07]} {[%emt 00:00:14]} Bf5+
{[%clk 00:13:11]} {[%emt 00:00:33]} 54. Kg7 {[%clk 00:28:29]} {[%emt 00:00:07]}
Kf4 {[%clk 00:13:25]} {[%emt 00:00:16]} 55. f8=Q {[%clk 00:28:38]} {[%emt
00:00:23]} Kg4 {[%clk 00:13:47]} {[%emt 00:00:07]} 56. Kh6 {[%clk 00:27:14]}
{[%emt 00:01:53]} Kxh4 {[%clk 00:13:24]} {[%emt 00:00:55]} 57. Qxf5 {[%clk
00:27:07]} {[%emt 00:00:36]} Kg3 {[%clk 00:13:47]} {[%emt 00:00:07]} 58. Qf3+
{[%clk 00:27:15]} {[%emt 00:00:21]} Kh2 {[%clk 00:14:09]} {[%emt 00:00:08]} 59.
Ne4 {[%clk 00:27:04]} {[%emt 00:00:36]} 1-0